Guess the Harry Potter Movies by Scene #5 - Statistics

General Stats
  • This quiz has been taken 166 times
  • The average score is 18 of 20
Answer Stats
Picture Answer % Correct
Chamber of Secrets
98%
Goblet of Fire
97%
Chamber of Secrets
93%
Half-Blood Prince
93%
Philosopher's Stone
93%
Prisoner of Azkaban
93%
Order of the Phoenix
92%
Order of the Phoenix
92%
Philosopher's Stone
90%
Goblet of Fire
88%
Half-Blood Prince
88%
Order of the Phoenix
88%
Chamber of Secrets
86%
Deathly Hallows – Part 1
86%
Goblet of Fire
86%
Philosopher's Stone
86%
Prisoner of Azkaban
86%
Deathly Hallows – Part 1
85%
Deathly Hallows – Part 2
85%
Order of the Phoenix
85%
No matching quizzes found
Score Distribution
Percent of People with Each Score
Percentile by Number Answered
Your Score History
You have not taken this quiz